| 000 | 00974nam a2200313Ia 4500 | ||
|---|---|---|---|
| 001 | Z_5535 | ||
| 003 | CHAP | ||
| 008 | 220113s2007 xx 000 0 und d | ||
| 010 | _a168628 | ||
| 040 | _cCHAP | ||
| 090 | _aTesis O 123 | ||
| 100 |
_aOlivares Pineda, Rodrigo _983052 |
||
| 245 |
_aPerspectivas de la producción de carne bovina bajo sistemas sustentables u orgánicos en México / _cRodrigo Olivares Pineda |
||
| 260 |
_aChapingo, Méx. : _bEl autor, _c2007 |
||
| 300 | _a143 h. | ||
| 502 | _aTesis (Doctor en Problemas económicos agroindustriales) -- UACH. CIESTAAM | ||
| 650 |
_aCarne de res _xProducción _919222 |
||
| 650 |
_aCarne orgánica _919228 |
||
| 650 | _aGanadería sustentable | ||
| 650 |
_aGanado vacuno _xPastoreo _945502 |
||
| 650 |
_aSistemas de producción animal _9106771 |
||
| 650 |
_aTrópicos _xGanadería _9115286 |
||
| 901 | _aTESIS O 123 | ||
| 902 | _aM | ||
| 910 | _a2007 | ||
| 942 | _c2 | ||
| 942 | _c2 | ||
| 999 |
_c168628 _d168628 |
||